| 000 | 00623nam a22002171c 4500 | ||
|---|---|---|---|
| 001 | a987676340 | ||
| 008 | 160425s1951 gw |||| 000u ger d | ||
| 041 | _ager | ||
| 100 | 1 | _aKramer, Matthias <1893-1959> | |
| 245 | 0 | 4 |
_aDie Bolschewisierung der Landwirtschaft in Sowjetrussland, in den Satellitenstaaten, in der Sowjetzone / _cMatthias Kramer |
| 264 |
_aKöln ; Köln : _bRote Weissbücher, _c1951 |
||
| 300 | _a144 S. | ||
| 650 | 0 | _aBauer | |
| 650 | 0 | _aKulak | |
| 650 | 0 | _aSozialismus | |
| 651 | 0 | _aSowjetunion | |
| 942 | _cMG | ||
| 040 | _cRU-10907106 | ||
| 003 | RU-10907106 | ||
| 999 |
_c34226 _d34226 |
||
| 490 | 0 |
_aRote Weissbücher _v3 |
|